000 00286nam a22001337a 4500
008 170605b xxu||||| |||| 00| 0 eng d
020 _a0072000317
041 _aeng
080 _a94(7/8)
100 _a18
101 _aSHH
245 _aNATION OF NATIONS
_cDAVIDSON
942 _2udc
_cBK
999 _c15981
_d15981